Nuevos, diarios y complejos desafíos /

Shranjeno v:
Bibliografske podrobnosti
Glavni avtor: Cañas, Roberto
Format: Texto
Teme:
Oznake: Označite
Brez oznak, prvi označite!

MARC

LEADER 00000 a a2200000 04500
001 7078
003
040
100 |a Cañas, Roberto  
245 |a Nuevos, diarios y complejos desafíos /  |c Roberto Cañas 
650 |a PARLAMENTO  
650 |a LEGISLACION  
650 |a TRABAJO  
650 |a PAZ  
650 |a MODERNIZACION  
650 |a ESTADO  
650 |a PARTIDOS POLITICOS  
650 |a GOBIERNO LOCAL  
650 |a PARTICIPACION SOCIAL  
773 |g volumen 13, número 148; páginas 40-44  
999 |c 30257  |d 30257